| 000 | 00407nam a2200169Ia 4500 | ||
|---|---|---|---|
| 003 | 0STCL | ||
| 008 | 150530s9999 xx 000 0 und d | ||
| 040 |
_aSTCL _cSTCL |
||
| 100 | _aDickens Charles; Hamilton Cosmo; Reilly Frank, C. | ||
| 245 | _aPickwick a play in three acts | ||
| 250 | _aFirst | ||
| 260 | _c1928 | ||
| 546 | _aEnglish | ||
| 942 |
_2ddc _cBK |
||
| 999 |
_c55936 _d55936 |
||
| 005 | 20220125171000.0 | ||